<?xml version="1.0" encoding="UTF-8"?>
<record
    xmlns:xsi="http://www.w3.org/2001/XMLSchema-instance"
    xsi:schemaLocation="http://www.loc.gov/MARC21/slim http://www.loc.gov/standards/marcxml/schema/MARC21slim.xsd"
    xmlns="http://www.loc.gov/MARC21/slim">

  <leader>00479nam a2200145 a 4500</leader>
  <controlfield tag="001">5878</controlfield>
  <controlfield tag="003">CDMR</controlfield>
  <controlfield tag="005">20130220142514.0</controlfield>
  <controlfield tag="008">130220s2004||||||||||||||||||||||||||||d</controlfield>
  <datafield tag="040" ind1=" " ind2=" ">
    <subfield code="a">CDMR</subfield>
    <subfield code="b">cat</subfield>
    <subfield code="c">CDMR</subfield>
  </datafield>
  <datafield tag="245" ind1=" " ind2="0">
    <subfield code="a">Recomanacions sobre el tractament de la viol&#xE8;ncia de g&#xE8;nere als programes informatius i d'entreteniment en els mitjans de comunicaci&#xF3;</subfield>
  </datafield>
  <datafield tag="260" ind1=" " ind2=" ">
    <subfield code="a">[Barcelona]</subfield>
    <subfield code="b">Col&#xB7;legi de Periodistes de Catalunya</subfield>
    <subfield code="c">[2004]</subfield>
  </datafield>
  <datafield tag="300" ind1=" " ind2=" ">
    <subfield code="a">20 p ;</subfield>
    <subfield code="c">10 cm</subfield>
  </datafield>
  <datafield tag="942" ind1=" " ind2=" ">
    <subfield code="c">MON</subfield>
  </datafield>
  <datafield tag="999" ind1=" " ind2=" ">
    <subfield code="c">5878</subfield>
    <subfield code="d">5878</subfield>
  </datafield>
  <datafield tag="952" ind1=" " ind2=" ">
    <subfield code="0">0</subfield>
    <subfield code="1">0</subfield>
    <subfield code="4">0</subfield>
    <subfield code="7">0</subfield>
    <subfield code="a">CDMR</subfield>
    <subfield code="b">CDMR</subfield>
    <subfield code="d">2013-02-20</subfield>
    <subfield code="l">0</subfield>
    <subfield code="o">Ci 1 .1 /11</subfield>
    <subfield code="p">CDMR13110890</subfield>
    <subfield code="r">2013-02-20</subfield>
    <subfield code="w">2013-02-20</subfield>
    <subfield code="y">FULLET</subfield>
    <subfield code="z">FULLET -Calendari</subfield>
  </datafield>
</record>
